000 01158nam a22003255a 4500
003 EG-ScBUE
005 20220124140021.0
008 150826s1997 nyua f bd 000 0deng d
020 _a0393976718
020 _a9780393976717
035 _a(DLC) 97007083
040 _aEG-ScBUE
_beng
_erda
_cEG-ScBUE
_dEG-ScBUE
082 0 4 _a822.33
_bNOR
_222
245 0 4 _aThe Norton Shakespeare :
_bhistories /
_cStephen Greenblatt, general editor, Harvard University ... [et al.] ; with an essay on the Shakespearean stage by Andrew Gurr.
264 1 _aNew York ;
_aLondon :
_bW. W. Norton & Company,
_c1997.
300 _axiv, 1010 pages :
_billustrations ;
_c25 cm
336 _2rdacontent
_atext
_btxt
337 _2rdamedia
_aunmediated
_bn
338 _2rdacarrier
_avolume
_bnc
500 _aIncludes glossary.
504 _aIncludes bibliographical references.
590 _aMenna elemam
600 1 7 _aShakespeare William
_d1564-1616,
_xCriticism and interpretation.
_2BUEsh
650 _2BUEsh
651 _2BUEsh
653 _bGGEN
_cAugust2015
655 _vReading book
_934232
700 1 _aGreenblatt, Stephen,
_d1943-
_eeditor.
942 _cBB
_2ddc
999 _c20721
_d20693